| 000 | 00558nam a22001697a 4500 | ||
|---|---|---|---|
| 005 | 2012022804574.0 | ||
| 020 |
_a8170002419 _c350.00 |
||
| 035 | _aB-31070 | ||
| 037 |
_aDPL _bENG |
||
| 100 |
_aS., Jagadeesha _943151 |
||
| 245 |
_aLibrary automation using Foxpro 2.0 / _cby Jagadeesha S. and Mahesh V. Mudhol |
||
| 250 | _arpr. 1999 | ||
| 260 |
_aNew Delhi _bEss Ess Publications _c1999 |
||
| 300 |
_a184p. _c20 cms. |
||
| 942 |
_2ddc _cEN _h028 _mJAG |
||
| 999 |
_c63563 _d63563 |
||